| 000 | 00894nam0a22002651 4500 | ||
|---|---|---|---|
| 001 | rc\3815301 | ||
| 005 | 20250530063239.0 | ||
| 021 |
_aRU _b[75-90477] |
||
| 035 | _a(NLR Aleph) 007273497 | ||
| 090 |
_a5434357 _c5434357 |
||
| 100 | _a20120410d1975 |||y0rusy50 ca | ||
| 101 | 0 | _arus | |
| 102 |
_aRU _aRU |
||
| 105 | _ay z ||||| | ||
| 200 | 1 |
_aКисломолочные продукты, их приготовление и лечебно-диетическое значение _fЛ.Е. Хунданов |
|
| 210 |
_aУлан-Удэ _cБурят. кн. изд-во _d1975 |
||
| 215 |
_a68 с. _d20 |
||
| 606 |
_aМолочные продукты _2psbo |
||
| 606 |
_aПитание лечебное _2psbo |
||
| 700 | 1 |
_aХунданов _bЛ.Е. _gЛука Егорович |
|
| 801 | 0 |
_aRU _bNLR _gpsbo |
|
| 801 | 1 |
_aRU _bELAR _2rusmarc |
|
| 852 |
_aNLR _j76-4/2806 |
||
| 942 | _cBOOK | ||
| 980 | _aNB | ||